Enantioselective organocatalysis reactions and experimental procedures

Na minha lista:
Detalhes bibliográficos
Outros Autores: Dalko, Peter I. (Editor)
Formato: Livro
Idioma:inglês
Publicado em: Weinheim Wiley-VCH 2007
Assuntos:
Acesso em linha:View in OPAC
Tags: Adicionar Tag
Sem tags, seja o primeiro a adicionar uma tag!

MARC

LEADER 00000nam a2200000 a 4500
005 20260127133944.0
008 130617 2013 000 0 eng d
020 |a 9783527315222 
035 |a vtls010520388 
039 9 |y 201306170856  |z mschk03 
040 |a STUSCHK1  |b slo  |c STUSCHK1  |e AACR2 
080 |a 547.2 
245 1 |a Enantioselective organocatalysis  |b reactions and experimental procedures  |c edited by Peter I. Dalko. 
260 |a Weinheim  |b Wiley-VCH  |c 2007 
300 |a xxiii, 536 p.  |b ill.  |c 24 cm. 
500 |a Includes bibliographical references and index 
650 0 |a Enantioselective catalysis 
650 0 |a Organic compounds 
650 0 |a Synthesis 
700 1 |a Dalko, Peter I.  |4 edt 
910 |a SCHK95 
919 |a 978-3-527-31522-2 
999 |c 808  |d 808